Mystery Country #4 - Statistics

General Stats
  • This quiz has been taken 243 times
  • The average score is 13 of 17
Answer Stats
Question Clues % Correct
2. What island country is located in the Persian Gulf?
100%
1. What is the capital of Wales? The Mystery Country is not in Oceania
97%
3. In what German state is Munich located?
93%
4. Besides Cape Town and Bloemfontein, what city is a capital of South Africa?
91%
5. What are Estonia, Latvia, and Lithuania collectively known as?
89%
6. What city was famously built on the Palatine, Capitoline, and five other hills?
87%
The Mystery Country is a landlocked country
87%
The Mystery Country is not in Europe
87%
7. In what U.S. state does the Mississippi River begin?
85%
In the Mystery Country you have to drive on the left side of the road
85%
The Mystery Country has a population of around 800.000 people
85%
The Mystery Country shares borders with 2 countries
76%
8. What French region's capital city is Ajaccio?
65%
The Mystery Country has the color orange in it's flag
59%
The Mystery Country has Dzongkha as an official language
48%
The Mystery Country is:
48%
Bhutan
43%
No matching quizzes found
Score Distribution
Percent of People with Each Score
Percentile by Number Answered
Your Score History
You have not taken this quiz